000 01059nam a2200313 i 4500
003 EG-GICUC
005 20260508172542.0
008 260418s2006 ua ||||fr|||| 00| 0 eng d
040 _aEG-GiCUC
_beng
_cEG-GiCUC
_dEG-GiCUC
_erda
041 0 _aeng
082 0 4 _221
_a343.667
_bSA . S
092 0 4 _221
099 _aLaw1 10 343.667 SA . S 2006
100 1 _aSaeed Mahrous, Abou El Ela
_eAuthor.
245 1 0 _aSummary of a Master’s Thesis: “Crimes of Gypsies”/
_cprepared by Saeed Mahrous Abou El Ela ,Dr. Medhat Abdel Halim Hassan Ramadan.
264 1 _aCairo :
_bCairo University,
_c2006.
300 _a5 pages;
_c24 cm
336 _2rda content
_atext
337 _2rda media
_aComputer
338 _2rda carrier
_aOnline Resource
500 _aAcademic thesis summary.
546 _aText in English
650 1 4 _aCriminal law — Gypsies
_2qrmak
651 1 _2qrmak
700 1 _aMedhat Abdel Halim Hassan Ramadan.
_eAuthor.
856 4 0 _uhttps://fll.law.cu.edu.eg/fulltext/bks/B10-08211.pdf
905 _a74
942 _2ddc
_n0
_cBK
_e21
999 _c71652
_d71652